Development Policy and Nuclear Eenery Discourese (Record no. 885066)

MARC details
000 -LEADER
fixed length control field 00809nam a2200253Ia 4500
003 - CONTROL NUMBER IDENTIFIER
control field OSt
005 - DATE AND TIME OF LATEST TRANSACTION
control field 20220930093235.0
008 - FIXED-LENGTH DATA ELEMENTS--GENERAL INFORMATION
fixed length control field 220926b |||||||| |||| 00| 0 eng d
037 ## - SOURCE OF ACQUISITION
Terms of availability Theses
040 ## - CATALOGING SOURCE
Original cataloging agency CRL
Transcribing agency CRL
Language of cataloging eng
041 ## - LANGUAGE CODE
Source of code eng
Language code of text/sound track or separate title eng
100 ## - MAIN ENTRY--PERSONAL NAME
Personal name YELIZAVETA SHARONOVA Au.
9 (RLIN) 551327
110 ## - MAIN ENTRY--CORPORATE NAME
Corporate name or jurisdiction name as entry element University of Delhi. Arts. Political Science
9 (RLIN) 551328
245 #0 - TITLE STATEMENT
Title Development Policy and Nuclear Eenery Discourese
Remainder of title A Comparartive Analysis of India and Russia.
260 ## - PUBLICATION, DISTRIBUTION, ETC.
Date of publication, distribution, etc. 2015
300 ## - PHYSICAL DESCRIPTION
Extent 311p.
-- p.
Dimensions cm.
700 ## - ADDED ENTRY--PERSONAL NAME
Personal name Dr. Devika Sharma Gu.
9 (RLIN) 551329
700 ## - ADDED ENTRY--PERSONAL NAME
Personal name University of Delhi. Arts. Political Science
9 (RLIN) 551330
942 ## - ADDED ENTRY ELEMENTS (KOHA)
Koha item type Dissertations
Source of classification or shelving scheme Colon Classification (CC)
Holdings
Withdrawn status Lost status Damaged status Not for loan Home library Current library Date acquired Total Checkouts Barcode Date last seen Price effective from Koha item type
        Central Library Central Library 2022-09-30   TH0022872 2022-09-30 2022-09-30 Thesis
Copyright @ Delhi University Library System